CS2 weapons - Statistics

General Stats
  • This quiz has been taken 33 times
  • The average score is 32 of 41
Answer Stats
Type Gun % Correct
Sniper AWP
96%
Pistol Glock
96%
AR M4A4
93%
Pistol P250
93%
Throwable Smoke grenade
93%
AR Ak-47
89%
Pistol Desert Eagle
89%
Pistol Five-Seven
89%
AR M4A1-S
89%
Machine gun Negev
89%
Throwable Flashbang
86%
AR Galil AR
86%
Smg MP5-SD
86%
Shotgun Nova
86%
Pistol USP-S
86%
Throwable Molotov
82%
Smg MP7
82%
Pistol P2000
82%
Throwable HE grenade
79%
Shotgun MAG-7
79%
AR SG 553
79%
Throwable Decoy grenade
75%
Smg MAC-10
75%
Smg MP9
75%
Pistol R8 Revolver
75%
Sniper SSG 08
75%
Pistol Tec-9
75%
AR AUG
71%
AR FAMAS
71%
Machine gun M249
71%
Shotgun Sawed-Off
71%
Sniper Scar-20
71%
Throwable Incendiary
64%
Smg P90
64%
Special Zeus x27
64%
Smg CZ-75 Auto
61%
Smg PP-Bizon
61%
Smg UMP-45
61%
Shotgun XM1014
61%
Sniper G3SG1
50%
Smg Dual Berretas
46%
No matching quizzes found
Score Distribution
Percent of People with Each Score
Percentile by Number Answered
Your Score History
You have not taken this quiz